01708nam a22002417a 4500003001700000005001700017008004100034020001800075040000700093041001200100082001400112100001800126245003400144250000600178260002200184300002800206365006400234520108000298650003201378700001901410700001901429700001801448St Aloysius Coll20260305195530.0260303b |||||||| |||| 00| 0 eng d a9781292726120 cAL aEnglish a500bHEWC aPaul G Hewitt aConceptual integrated science a3 aUKbPearsonc2023 a1008p.bPBc27.5x21.5cm 2Generala6261b₹6449.00c₹d₹8269.00e22%f23/02/2026 aThebest-selling Conceptual Integrated Science provides an engaging overview of physics, chemistry, earth science, astronomy, and biology at a level appropriate for non-science students. Hewitt''s engaging narrative emphasizes unifying concepts across physical and life sciences through a clear, friendly writing style, and fun, relevant examples that motivate students. The 3rd Edition expands on its theme of integration and deepens connections between the sciences with new Integrated Science spreads added at the end of each part. Modern references in the updated Technology boxes and new contemporary applications add relevance and help to connect science with students'' everyday lives. Enhanced End-of-Chapter problems engage students with interactive digital features accessible in the Pearson text and guide them with wrong-answer feedback, where and when they need it. The text features Hewit's video tutorials that play inline, new Check Yourself from the text presented as a hide/reveal interactive feature, and multiple-choice quizzes at the end of each chapter. 2ScienceaIntegrated Science aLyons, Suzanne aSuchocki, John aYeh, Jennifer